| 000 | 01559cai a22002295a 4500 | ||
|---|---|---|---|
| 001 | ##L129232 | ||
| 008 | 050404c1995 xxkqr ws ss f000 00eng u | ||
| 035 | _a(Sirsi) u129232 | ||
| 041 | 0 | _aeng | |
| 110 | 1 |
_aUnited Kingdom _bDepartment for Communities and Local Government _94939 |
|
| 245 | 0 | 4 | _aThe acquisition of land (rate of interest after entry) |
| 260 |
_aLondon _bDCLG _c1995- |
||
| 520 | _aThe acquisition of land (rate of interest after entry) is 5.25% from 1 October 2007, having last increased from 5%. The rate is set at 0.5% below bank base rate on the reference days of 31 March, 30 June, 30 Sept and 31 December (or next the business days if any of these days are not business days) under The Acquisition of Land (Rate of Interest after Entry) Regulations 1995 (England and Wales), The Acquisition of Land (Rate of Interest after Entry) (Scotland) Regulations 1995 and the Compulsory Acquisition (Interest) Order (Northern Ireland) 1996. | ||
| 590 | _aIKA170106 | ||
| 650 | 2 | 4 | _aACQUISITION OF LAND (RATE OF INTEREST AFTER ENTRY) REGULATIONS 1995 |
| 650 | 2 | 4 | _aACQUISITION OF LAND (RATE OF INTEREST AFTER ENTRY) (SCOTLAND) REGULATIONS 1995 |
| 650 | 2 | 4 | _aCOMPULSORY ACQUISITION (INTEREST) ORDER (NORTHERN IRELAND) 1996 |
| 651 | 4 |
_aUnited Kingdom _y |
|
| 690 | _aENVIRONMENTAL AND LAND CONSULTANCY-PLANNING AND DEVELOPMENT-COMPULSORY PURCHASE AND COMPENSATION | ||
| 856 | 4 | 0 |
_uhttps://www.communities.gov.uk/publications/planningandbuilding/circularletter _zView a table of the rates since 1995 at www.communities.gov.uk... |
| 942 | _n0 | ||
| 999 |
_c118795 _d118795 |
||